Online
Catalog

Catálogo de expositores / (Record no. 52499)

MARC details
000 -CABECERA
campo de control de longitud fija 01173nam a22002657a 4500
003 - IDENTIFICADOR DEL NÚMERO DE CONTROL
campo de control DO-SdBNP
005 - FECHA Y HORA DE LA ÚLTIMA TRANSACCIÓN
campo de control 20220930151431.0
007 - CAMPO FIJO DE DESCRIPCIÓN FÍSICA--INFORMACIÓN GENERAL
campo de control de longitud fija ta
008 - DATOS DE LONGITUD FIJA--INFORMACIÓN GENERAL
campo de control de longitud fija 220930b |||||||| |||| 00| 0 spa d
040 ## - FUENTE DE LA CATALOGACIÓN
Centro catalogador/agencia de origen DO-SdBNP
Lengua de catalogación spa
Centro/agencia transcriptor BNPHU
041 ## - CÓDIGO DE LENGUA
Código de lengua original spa
082 #4 - NÚMERO DE LA CLASIFICACIÓN DECIMAL DEWEY
Número de edición 22
Número de clasificación 021.7
Número de documento/Ítem F356ca
111 1# - ENTRADA PRINCIPAL--NOMBRE DE CONGRESO/REUNIÓN
Nombre de congreso/reunión o jurisdicción como elemento de entrada Feria Internacional del Libro
Número del congreso/reunión o número de parte o sección (6ta:
Fecha del congreso/reunión 2003: 24 abril al 4 mayo
Sede del congreso/Lugar de la reunión Santo Domingo, República Dominicana)
Unidad subordinada ,Plaza del Conservatorio,
9 (RLIN) 82465
245 10 - MENCIÓN DE TÍTULO
Título Catálogo de expositores /
Resto del título
246 ## - FORMA VARIANTE DE TÍTULO
Título propio/Titulo breve Sexta Feria Internacional del Libro Santo Domingo /
260 ## - PUBLICACIÓN, DISTRIBUCIÓN, ETC.
Lugar de publicación, distribución, etc. Santo Domingo :
Nombre del editor, distribuidor, etc. Secretaría de Estado de Cultura,
-- Dirección General de la Feria del Libro,
Fecha de publicación, distribución, etc. 2003.
300 ## - DESCRIPCIÓN FÍSICA
Extensión 53 p.:
Otras características físicas il.;
Dimensiones 22 cm
500 ## - NOTA GENERAL
Nota general Dedicada a Eugenio María de Hostos. Cuba, país invitado de honor.
590 ## - NOTA LOCAL (RLIN)
Nota local Inventariado, 2022 / SA
611 #4 - PUNTO DE ACCESO ADICIONAL DE MATERIA--NOMBRE DE REUNIÓN/CONGRESO
9 (RLIN) 74466
Nombre de congreso/reunión o jurisdicción como elemento de entrada Feria Internacional del Libro
Sede del congreso/Lugar de la reunión Santo Domingo, República Dominicana)
Fecha del congreso/reunión 2003 : 24 abril al 4 mayo
Subdivisión general Catálogo
650 #4 - PUNTO DE ACCESO ADICIONAL DE MATERIA--TÉRMINO DE MATERIA
9 (RLIN) 53251
Término de materia o nombre geográfico como elemento de entrada Industria del libro
Subdivisión general Catálogo
Subdivisión geográfica República Dominicana
650 #4 - PUNTO DE ACCESO ADICIONAL DE MATERIA--TÉRMINO DE MATERIA
Término de materia o nombre geográfico como elemento de entrada Feria del libro
9 (RLIN) 40774
650 #4 - PUNTO DE ACCESO ADICIONAL DE MATERIA--TÉRMINO DE MATERIA
9 (RLIN) 55293
Término de materia o nombre geográfico como elemento de entrada Feria del libro
Subdivisión de forma Expositores
Subdivisión general Catálogo
Subdivisión cronológica 2003
Subdivisión geográfica República Dominicana
942 ## - ELEMENTOS DE PUNTO DE ACCESO ADICIONAL (KOHA)
Fuente del sistema de clasificación o colocación Dewey Decimal Classification
Tipo de ítem Koha Libro
Holdings
Estado de retiro Estado de pérdida Fuente del sistema de clasificación o colocación Restricciones de uso No para préstamo Código de colección Localización permanente Ubicación/localización actual Ubicación en estantería Fecha de adquisición Fuente de adquisición Signatura topográfica completa Código de barras Fecha visto por última vez Precio válido a partir de Tipo de ítem Koha
    Dewey Decimal Classification Excluido de préstamo   Patrimonio Dominicano Biblioteca Nacional Pedro Henríquez Ureña Biblioteca Nacional Pedro Henríquez Ureña En catalogación 30.09.2022 Donado BNPHU PD 021.7 F356ca 2003 2022-4127 30.09.2022 30.09.2022 Libro

Powered by Koha